New Amsterdam Cast - Statistics

General Stats
  • This quiz has been taken 49 times
  • The average score is 6 of 13
Answer Stats
actors Answer % Correct
Ryan Eggold Max Goodwin
92%
Freema Agyeman Helen Sharpe
89%
Janet Montgomery Lauren Bloom
87%
Tyler Labine Iggy Frome
79%
Jocko Sims Floyd Reynolds
61%
Anupam Kher Vijay Kapoor
53%
Alejandro Hernandez Casey
50%
Lisa O'Hare Georgia Goodwin
42%
Dierdre Friel Ella
24%
Margot Bingham Evie
24%
Zabryna Guevara Dora
18%
Daniel Dae Kim Cassian Shin
16%
Nana Mensah Camila Candelario
8%
No matching quizzes found
Score Distribution
Percent of People with Each Score
Percentile by Number Answered
Your Score History
You have not taken this quiz